000 00562nam a2200229Ia 4500
003 OSt
005 20220924113144.0
006 a|||||r|||| 00| 0
007 ta
008 220923b |||||||| |||| 00| 0 eng d
024 _a133043
037 _cDictionary
040 _aARTS
_cARTS
_beng
041 _2eng
_aeng
082 _aXk, K5 E(RR)
100 _aHanson J L
245 0 _aDictionary of economics and commerce
260 _c1965
650 _aECONOMICS
942 _hXk, K5 E(RR)
_cdic
_2cc
999 _c389386
_d389386